LIBRARY & INFORMATION CENTRE, KCAET, TAVANUR

ONLINE PUBLIC ACCESS CATALOGUE (OPAC)

Programming in ANSI C / (Record no. 12270)

MARC details
000 -LEADER
fixed length control field 00367cam a2200145ua 4500
020 ## - INTERNATIONAL STANDARD BOOK NUMBER
ISBN 0-07-053477-2
082 ## - DEWEY DECIMAL CLASSIFICATION NUMBER
Classification number 005.133
Item number BAL/PR
100 ## - MAIN ENTRY--AUTHOR NAME
Personal name Balagurusamy, E .
245 ## - TITLE STATEMENT
Title Programming in ANSI C /
250 ## - EDITION STATEMENT
Edition statement 3 /
260 ## - PUBLICATION, DISTRIBUTION, ETC. (IMPRINT)
Place of publication New Delhi :
Name of publisher Tata Mc-Graw Hill Publishing Company ,
Year of publication 2004.
300 ## - PHYSICAL DESCRIPTION
Number of Pages 494 ; .
500 ## - GENERAL NOTE
General note 20890 Scheme
942 ## - ADDED ENTRY ELEMENTS (KOHA)
Koha item type Books
Holdings
Withdrawn status Lost status Damaged status Home library Current library Date acquired Full call number Accession Number Koha item type Collection code Shelving location Source of acquisition Cost, normal purchase price
      KAUAET KAUAET 07/04/2012 005.133 20986 Books        
      KAUAET KAUAET 07/04/2012 005.133 20982 Books        
      KAUAET KAUAET 07/04/2012 005.133 20983 Books        
      KAUAET KAUAET 07/04/2012 005.133 20984 Books        
      KAUAET KAUAET 07/04/2012 005.133 20985 Books        
      KAUAET KAUAET 07/04/2012 005.133 20890 Books        
      KAUAET KAUAET 07/04/2012 005.133 21410 Books        
      KAUAET KAUAET 14/02/2013 005.133 BAL/PR BB 41 Book Bank scheme for SC students   Scheme Cosmo BooSe, Thrissur. 190.00
      KAUAET KAUAET 30/03/2013 005.133 BAL/PR 23653 Books Non-fiction General Stacks Calicut Book Distributors  
      KAUAET KAUAET 31/08/2016 005.133 BAL/PR BB 42 Book Bank scheme for SC students   Scheme Cosmo Books, Thrissur. 190.00
      KAUAET KAUAET 31/08/2016 005.133 BAL/PR BB 47 Book Bank scheme for SC students   Scheme Cosmo Books, Kozhikode. 199.00
      KAUAET KAUAET 31/08/2016 005.133 BAL/PR BB 48 Book Bank scheme for SC students   Scheme Cosmo Books, Kozhikode. 199.00
free website counter